00502 2200181 4500001002100000005001500021035002000036008004100056245004200097100003000139260003800169300001300207020002200220084001700242082001100259650002600270990002400296INLIS00000000000047520231120021342 a0010-0823000475231120 0 ind 1 aBuku Pintar Sejarah Nabi Muhammad Saw aSayyid Muhammad Bin Alawi aBandung :bPustaka Hidayah,c2007 a179 hlm. a978-979-1096-38-6 a2x9.12 SAY b a2x9.12 4aSejarah Nabi Muhammad a0077/STITINKA/01/23